The Biology of Fungi (Record no. 2958)
[ view plain ]
| 000 -LEADER | |
|---|---|
| fixed length control field | 00429nam a22001697a 4500 |
| 003 - CONTROL NUMBER IDENTIFIER | |
| control field | OSt |
| 005 - DATE AND TIME OF LATEST TRANSACTION | |
| control field | 20210909115021.0 |
| 008 - FIXED-LENGTH DATA ELEMENTS--GENERAL INFORMATION | |
| fixed length control field | 210909b |||||||| |||| 00| 0 eng d |
| 020 ## - INTERNATIONAL STANDARD BOOK NUMBER | |
| International Standard Book Number | 0 09 105120 7 |
| 040 ## - CATALOGING SOURCE | |
| Transcribing agency | Hawassa University |
| 050 ## - LIBRARY OF CONGRESS CALL NUMBER | |
| Classification number | 589/ING |
| 082 ## - DEWEY DECIMAL CLASSIFICATION NUMBER | |
| Classification number | 589/ING |
| 100 ## - MAIN ENTRY--PERSONAL NAME | |
| Personal name | Ingold,C.T. |
| 9 (RLIN) | 2671 |
| 245 ## - TITLE STATEMENT | |
| Title | The Biology of Fungi |
| 260 ## - PUBLICATION, DISTRIBUTION, ETC. | |
| Place of publication, distribution, etc. | London |
| Name of publisher, distributor, etc. | Hutchinson and Co (Publishers)LTD |
| Date of publication, distribution, etc. | 1961 |
| 942 ## - ADDED ENTRY ELEMENTS (KOHA) | |
| Source of classification or shelving scheme | Dewey Decimal Classification |
| Koha item type | Books like text book referance book |
| Suppress in OPAC | No |
| Withdrawn status | Lost status | Source of classification or shelving scheme | Damaged status | Not for loan | Home library | Current library | Date acquired | Total Checkouts | Full call number | Barcode | Date last seen | Copy number | Price effective from | Koha item type | Shelving location |
|---|---|---|---|---|---|---|---|---|---|---|---|---|---|---|---|
| Dewey Decimal Classification | College of Agriculture Library | College of Agriculture Library | 09/09/2021 | 589/ING | ALIB0005312 | 09/09/2021 | 1 | 09/09/2021 | Books like text book referance book | ||||||
| Dewey Decimal Classification | College of Agriculture Library | College of Agriculture Library | 09/09/2021 | 589/ING | ALIB0005311 | 09/09/2021 | 3 | 09/09/2021 | Books like text book referance book | ||||||
| Dewey Decimal Classification | Natural & Computational Science Library | Natural & Computational Science Library | 09/14/2021 | 589/ING | NSCLIB00007471 | 09/14/2021 | 1 | 09/14/2021 | Books like text book referance book | General Stacks | |||||
| Dewey Decimal Classification | Natural & Computational Science Library | Natural & Computational Science Library | 09/14/2021 | 589/ING | NSCLIB00007472 | 09/14/2021 | 2 | 09/14/2021 | Books like text book referance book | General Stacks |